000 00785nam a22002177a 4500
003 UA-OsUOA
001 125733
007 ta
008 20170925b un ||||| |||| 00| 0 ukr d
100 _aТараненко О. О.
090 _a81
_bТ19
942 _cSA
040 _aUA-OsUOA
_bukr
_cUA-OsUOA
_dUA-OsUOA
245 _aАктивізація змін у межах явища мовної варіантності в українській літературній мові новітнього періоду (кінець ХХ - початок ХХІ ст.)
300 _aС. 17-39
955 _a0
041 _aukr
080 _a81
773 0 _w125732
650 7 _a8 Мовознавство. Художня література. Літературознавство
_2UDC
999 _c412970
_d412970